History - European History | 0 | 7 | 1 | 0 | 65 | 72 | 104.57 | 5 | 7 |
History - World History | 2 | 3 | 0 | 1 | 60 | 51 | 92.40 | 4 | 5 |
Fine Arts - Visual Fine Arts | 0 | 5 | 0 | 3 | 50 | 104 | 133.40 | 1 | 4 |
Beliefs | 0 | 5 | 1 | 1 | 45 | 101 | 115.60 | 2 | 5 |
World and Other Literature | 0 | 3 | 0 | 0 | 30 | 116 | 122.67 | 1 | 3 |
Literature - American Literature | 0 | 3 | 0 | 0 | 30 | 80 | 106.67 | 1 | 3 |
Science - Biology | 0 | 3 | 0 | 1 | 30 | 117 | 126.00 | 1 | 3 |
Social Science | 0 | 3 | 1 | 0 | 25 | 92 | 104.00 | 1 | 3 |
Literature - British Literature | 0 | 2 | 0 | 0 | 20 | 135 | 142.00 | 0 | 2 |
Fine Arts - Auditory Fine Arts | 0 | 2 | 0 | 0 | 20 | 130 | 144.50 | 0 | 2 |
Science - Chemistry | 0 | 2 | 0 | 1 | 20 | 110 | 113.00 | 0 | 2 |
British and Commonwealth History | 0 | 2 | 1 | 1 | 15 | 137 | 141.00 | 0 | 2 |
Ancient History and Archaeology | 0 | 2 | 1 | 1 | 15 | 121 | 124.00 | 0 | 2 |
Geography | 1 | 0 | 0 | 0 | 15 | 61 | 61.00 | 1 | 1 |
Other Arts: Visual | 0 | 2 | 1 | 0 | 15 | 121 | 128.00 | 1 | 2 |
Other Arts: Auditory | 0 | 1 | 0 | 0 | 10 | 142 | 142.00 | 0 | 1 |
Other Academic | 0 | 1 | 0 | 0 | 10 | 105 | 105.00 | 1 | 1 |
History - American History | 0 | 1 | 0 | 1 | 10 | 116 | 116.00 | 0 | 1 |
Other Science: Earth Science | 0 | 1 | 0 | 0 | 10 | 135 | 135.00 | 0 | 1 |
Literature - European Literature | 0 | 1 | 2 | 0 | 0 | 132 | 132.00 | 0 | 1 |
Current Events | 0 | 0 | 1 | 0 | -5 | | 0.00 | 0 | 0 |